000 00367nam a22001337a 4500
005 20170210120047.0
008 170210b xxu||||| |||| 00| 0 eng d
050 _aPQ2603.E583A8 1920
100 _aBenoit, Pierre
_925042
245 _aL'Atlantide
_cby Benoit, Pierre
260 _aParis
_bAlbin Michel
_c1920
300 _a316p.;
_c18cm.
942 _2lcc
_cMONOGRAPH
999 _c126099
_d126099